000 01053cam a2200289 a 4500
001 000018037
005 20200929165328.0
008 950803r19961868nyu b 000 0aeng
010 _a95035853
020 _a0486290735 (pbk.)
040 _aDO-SdBNP
_cDLC
_dDLC
043 _an-us---
050 0 0 _aE302.6.F7
_bA3 1996
100 1 _aFranklin, Benjamin,
_d1706-1790.
_94387
245 1 4 _aThe autobiography of Benjamin Franklin /
_cBenjamin Franklin.
250 _aDover ed.
260 _aNew York :
_bDover Publications,
_c1996.
300 _aviii, 136 p. ;
_c21 cm.
440 0 _aDover thrift editions
_939107
500 _a"Unabridged text ... published by J.P. Lippincott & Co., Philadelphia, 1868"--T.p. verso.
504 _aIncludes bibliographical references.
600 1 0 _aFranklin, Benjamin,
_d1706-1790.
_94387
650 0 _aStatesmen
_zUnited States
_xBiography.
_939108
856 4 2 _3Publisher description
_uhttp://www.loc.gov/catdir/description/dover031/95035853.html
910 _aCatalogación derivada
082 0 0 _a973.3/092
_aB
_220
999 _c17559
_d17559